000 00330nam a22000977a 4500
999 _c515251
_d515251
082 _aTNC K78x95 D969
100 _aDwivedi, O.P. and Nelson E. Paulias (ed.)
_920520
245 _aPublic service of Papua New Guinea
_cEdited by O.P. Dwivedi and Nelson E. Paulias
260 _aNew Guinea
_bAdministrative college
_c1986
300 _a372p.